00382nam a2200145Ia 4500008004100000020001500041041001200056082001600068100001500084245006700099260002500166300000800191650001600199700002100215221030s9999 xx 000 0 und d a8120311779 aEnglish a105.23bLan aY. Langsam 0aData Structrues Using C & C++cby Y. Langsam, M. J. Augenstein bPHIaNew Delhic2001 a672 aBE Computer aM. J. Augenstein